000 00848cam a22002651 4500
001 sa 67003068
003 DLC
005 20260227112335.0
008 770503s1967 ii 000 0 eng
010 _asa 67003068
035 _a(OCoLC)2936609
040 _aDLC
_cMiRochOU
_dDLC
042 _apremarc
050 0 0 _aB132.V3
_bM7 1967
082 _a181/.48
100 1 _aMüller, F. Max
_q(Friedrich Max),
_d1823-1900
245 0 0 _aThree lectures on the Vedānta philosophy,
_bdelivered at the Royal Institution in March, 1894,
_cby F. Max Müller.
250 _a[2d ed.]
260 _aVaranasi,
_bChowkhamba Sanskrit Series Office,
_c1967.
300 _a3, 184 p.
_c23 cm.
440 4 _aThe Chowkhamba Sanskrit studies,
_vv. 57
500 _aFirst published in 1894.
650 0 _aVedanta.
710 2 _aRoyal Institution of Great Britain.
999 _c73610
_d73610